000 00433nab a2200145Ia 4500
003 ES-SlBCS
005 20210601125236.0
008 140529s1976 xxu||||| |||| 00| 0 eng d
041 _aeng
100 1 _aNielsen, Kai
_950638
245 0 0 _aEthical Subjectivism Again
_c Kai Nielsen
650 0 4 _aSubjetivismo Ético
_9155820
773 0 _tPhilosophy and Phenomenological Research
_gvol. 37, 1976, págs. 123-124
_wRev1411
942 _cAR
999 _c527110
_d527110